Gija Kančeli: Nebyť pohraničníkom-

Bibliographic Details
Main Author: Godár, Vladimír, 1956- (Author, Interviewer)
Other Authors: Marton, Ivan (Interviewer)
Format: Article
Language:Slovak
PhysicalDescription:Fotogr.
ISSN:1335-4140
Subjects:

MARC

LEADER 00000nab a2200000 a 4500
001 vtls009300943
003 SK-MaSNL
005 20260305005554.0
008 250506c2008 xo zr|p|||||||000 b|slo
015 |a SNBRB2008/05  |2 snkbucl 
035 |a (uuid)befd5d52-0bf0-4de1-b14b-36dd9424ccd3 
035 |a urn:nbn:sk:snk-ab1x6y 
035 |a (urnnbn)urn:nbn:sk:snk:ar-a0160q 
038 |a SNKBUCL 
040 |a SNKBUCL  |b slo  |c SNKBUCL  |e AACR2 
041 0 |a slo 
044 |a xo  |c SK 
080 |a 78.071.1  |2 2001 
100 1 |a Godár, Vladimír,  |d 1956-  |4 ivr  |4 aut  |9 99722 
245 1 0 |a Gija Kančeli: Nebyť pohraničníkom-  |c [rozhovor] pripravili Vladimír Godár a Ivan Marton 
300 |b Fotogr. 
600 1 7 |a Kančeli, Gija,  |d 1935-2019  |2 snkbucl  |9 109643 
655 7 |a rozhovory  |2 snkbucl  |9 31831 
700 1 |a Marton, Ivan  |4 ivr 
700 1 |a Kančeli, Gija,  |d 1935-2019  |4 ive  |9 109643 
773 0 |t Hudobný život  |g Roč. XL, č. 3-4 (2008), s. 24-27 a 29  |x 1335-4140 
850 |a Slovenská národná knižnica 
852 |a Slovenská národná knižnica 
954 |a odborná, vedecká literatúra pôvodná (slovenská)  |2 lita 
958 |a article27 
958 |a OND 
958 |a GE 
958 |a EUIPO 
999 |c 3241186  |d 3243116